<?xml version="1.0" encoding="UTF-8"?><?xml-stylesheet type="text/xsl" href="static/style.xsl"?><OAI-PMH xmlns="http://www.openarchives.org/OAI/2.0/" xmlns:xsi="http://www.w3.org/2001/XMLSchema-instance" xsi:schemaLocation="http://www.openarchives.org/OAI/2.0/ http://www.openarchives.org/OAI/2.0/OAI-PMH.xsd"><responseDate>2026-04-13T13:23:53Z</responseDate><request verb="GetRecord" identifier="oai:www.recercat.cat:10230/48571" metadataPrefix="marc">https://recercat.cat/oai/request</request><GetRecord><record><header><identifier>oai:recercat.cat:10230/48571</identifier><datestamp>2025-12-19T20:29:49Z</datestamp><setSpec>com_2072_6</setSpec><setSpec>col_2072_452954</setSpec></header><metadata><record xmlns="http://www.loc.gov/MARC21/slim" xmlns:dcterms="http://purl.org/dc/terms/" xmlns:xsi="http://www.w3.org/2001/XMLSchema-instance" xmlns:doc="http://www.lyncode.com/xoai" xsi:schemaLocation="http://www.loc.gov/MARC21/slim http://www.loc.gov/standards/marcxml/schema/MARC21slim.xsd">
   <leader>00925njm 22002777a 4500</leader>
   <datafield ind2=" " ind1=" " tag="042">
      <subfield code="a">dc</subfield>
   </datafield>
   <datafield ind2=" " ind1=" " tag="720">
      <subfield code="a">Solé Angelats, Jordina</subfield>
      <subfield code="e">author</subfield>
   </datafield>
   <datafield ind2=" " ind1=" " tag="260">
      <subfield code="c">2021-10-05T13:16:16Z</subfield>
   </datafield>
   <datafield ind2=" " ind1=" " tag="260">
      <subfield code="c">2021-10-05T13:16:16Z</subfield>
   </datafield>
   <datafield ind2=" " ind1=" " tag="260">
      <subfield code="c">2021</subfield>
   </datafield>
   <datafield ind2=" " ind1=" " tag="520">
      <subfield code="a">Treball de Fi de Grau en Dret. Curs 2020-2021</subfield>
   </datafield>
   <datafield ind2=" " ind1=" " tag="520">
      <subfield code="a">Tutor: Albert Lamarca Marquès</subfield>
   </datafield>
   <datafield ind2=" " ind1=" " tag="520">
      <subfield code="a">La comprovació de la solvència constitueix un dels elements essencials de la concessió de préstecs hipotecaris. L’objectiu és garantir l’endeutament responsable del prestatari mitjançant l’adequació del préstec a les seves necessitats financeres, personals i patrimonials. Per aquesta raó el present treball es proposa analitzar el règim jurídic del deure de les entitats bancàries d’avaluar-ne la solvència. Si bé amb el reconeixement legal s’aconseguirà una concessió més transparent i homogènia, el règim sancionador insuficientment dissuasiu comprometrà l’estabilitat del mercat creditici.</subfield>
   </datafield>
   <datafield ind2=" " ind1=" " tag="520">
      <subfield code="a">La comprobación de la solvencia constituye uno de los elementos esenciales en la concesión de préstamos hipotecarios. El objetivo es garantizar el endeudamiento responsable del prestatario mediante la adecuación del préstamo a sus necesidades financieras, personales y patrimoniales. Por esta razón el presente trabajo se propone analizar el régimen jurídico del deber de las entidades bancarias de avaluar la solvencia. Aunque con el reconocimiento legal se consigue una concesión más transparente y homogénea, el régimen sancionador insuficientemente disuasivo comprometerá la estabilidad del mercado crediticio.</subfield>
   </datafield>
   <datafield ind2=" " ind1=" " tag="520">
      <subfield code="a">Checking the solvency is said to be a key element when granting a mortgage. The main objective is to warrant the responsible indebtedness through the adaptation of the loan to financial, personal, and patrimonial needs of the borrower. On this purpose, the thesis is focused on the legal framework of the duty of the bank to evaluate the solvency. Notwithstanding, even a more transparent and homogeneous granting will be achieved with its legal recognition, the inadequate and dissuasive disciplinary system will still jeopardise credit market stability.</subfield>
   </datafield>
   <datafield tag="653" ind2=" " ind1=" ">
      <subfield code="a">Treball de fi de grau – Curs 2020-2021</subfield>
   </datafield>
   <datafield tag="653" ind2=" " ind1=" ">
      <subfield code="a">Préstecs hipotecaris – Dret i legislació</subfield>
   </datafield>
   <datafield tag="653" ind2=" " ind1=" ">
      <subfield code="a">Deutor i creditor</subfield>
   </datafield>
   <datafield tag="653" ind2=" " ind1=" ">
      <subfield code="a">Contractes</subfield>
   </datafield>
   <datafield ind2="0" ind1="0" tag="245">
      <subfield code="a">El deure de les entitats bancàries d&amp;apos;avaluar la solvència en la concessió de préstecs hipotecaris</subfield>
   </datafield>
</record></metadata></record></GetRecord></OAI-PMH>